000
00313nam a22001217a 4500
008
230623b xxu||||| |||| 00| 0 eng d
082
_a
330.03
_b
BAX 1984
100
_c
Graham Bannock
245
_a
The Penguin Dictionary of Economics
260
_a
London
_b
Penguin Books
_c
1987
300
_a
427p
942
_2
ddc
_c
BK
999
_c
2532
_d
2532